[Event "World Cup"]
[Site "Khanty-Mansiysk"]
[Date "2009.11.23"]
[Round "1.4"]
[White "Milov, Vadim"]
[Black "Negi, Parimarjan"]
[Result "1-0"]
[WhiteElo "2652"]
[BlackElo "2620"]
[Annotator "Marin,M"]
[PlyCount "59"]
[EventDate "2009.11.21"]
[EventType "k.o."]
[EventRounds "7"]
[EventCountry "RUS"]
[SourceTitle "CBM 134"]
[Source "ChessBase"]
[SourceDate "2010.01.18"]
[SourceVersion "1"]
[SourceVersionDate "2010.01.18"]
[SourceQuality "1"]

1. d4 Nf6 2. c4 g6 3. Nc3 d5 4. Nf3 Bg7 5. e3 O-O 6. Be2 c5 7. dxc5 dxc4 ({
This leads to more quiet play than} 7... Qa5) 8. O-O Qa5 9. Bxc4 Qxc5 10. Bb3
Nc6 {The position is almost symetrical and theory considers that Black is
completely out of danger. It is interesting that Milov found some hidden
resources in what may seem a dull position.} 11. e4 {Simply developing.} Rd8
12. Be3 Qh5 13. Qe2 Bg4 14. h3 Bxf3 15. Qxf3 Qxf3 16. gxf3 {The critical
moment of the game.} Nd4 {Possibly not the best. Black eliminates the strong
white bishop, but gives up his best minor piece, too. Besides, he will have to
lose some additional time to defend his a7-pawn after the opening of the
a-file.} 17. Kg2 Nxb3 18. axb3 a6 19. Rfd1 $14 {Although White has two pairs
of double pawns, his position looks more active. His minor pieces are better
placed and the advance of the e- and f-pawns can be annoying for Black.} e6 20.
f4 Nd7 21. Rac1 Rac8 22. e5 $1 {[%cal Gc3e4,Ge4d6]} f6 (22... f5 23. Na4 $36)
23. Ne4 $1 Rxc1 24. Rxc1 Kf8 (24... fxe5 25. Rd1 $1 $16 {[%cal Ge3b6]}) 25. Rc7
fxe5 26. Rxb7 (26. Ng5 $5 Ke7 27. Bc5+ $16) 26... Bh6 27. Bd2 $1 $16 Bxf4 $6
28. Ba5 Ke7 29. Bxd8+ Kxd8 30. Ra7 1-0

[Event "FIDE World Cup"]
[Site "Baku"]
[Date "2015.09.25"]
[Round "5.2"]
[White "Giri, Anish"]
[Black "Vachier Lagrave, Maxime"]
[Result "1-0"]
[WhiteElo "2793"]
[BlackElo "2744"]
[Annotator "Marin,M"]
[PlyCount "137"]
[EventDate "2015.09.11"]
[EventType "k.o."]
[EventRounds "7"]
[EventCountry "AZE"]
[SourceTitle "CBM 169"]
[Source "ChessBase"]
[SourceDate "2015.11.10"]
[SourceVersion "1"]
[SourceVersionDate "2015.11.10"]
[SourceQuality "1"]

1. d4 Nf6 2. c4 g6 3. Nf3 Bg7 4. e3 {Not really a scary system, but as the
game shows quite effective if Black insists playing in the spirit of his
favourite opening, the Grünfeld.} O-O 5. Be2 b6 {This is still OK, but the
plan behind it is the main cause for the later problems. Black can also switch
to the King's Indian or the Benoni.} (5... d6 6. Nc3 Nbd7 {Svidler,P (2727)
-Karjakin,S (2762) FIDE World Cup 2015 (7.1) 1-0 would most probably lead to a
reversed version of the game}) ({Personally I would prefer} 5... c5 {when the
modern trend is} 6. d5 {transposing to the rather modest (and earlier non
existing) e2-e3 Benoni. True, over the past years White has ocasionally won at
top level, but this was mainly caused by Black's lack of experience with the
Benoni. See for instance Mamedyarov,S (2764)-Gelfand,B (2748) Tashkent 2014
CBM 163 [Szabo,Kr] (1-0, 57)}) 6. O-O Bb7 7. Nc3 d5 $6 {As a rule, the
Grünfeld has ...d7-d5 as a reaction to Nb1-c3, but the main problem here is
that Black has wasted two tempi without preparing the standard break ...c7-c5.}
({It was safer to get some control in the centre with} 7... e6 {Sokolsky,
A-Botvinnik,M URS-ch sf Leningrad 1938 0-1 trying to transpose to a hybrid
structure known from Botvinnik's games, the most famous being} 8. b4 {The most
consistent way to cross Black's plans.} ({The other way to do so is less
effective:} 8. d5 exd5 9. cxd5 Re8 10. Rb1 c6 11. Bc4 Na6 $11 {Tikkanen,H 
(2559)-Howell,D (2650) Tromso 2014 (0-1, 49)}) 8... a5 (8... d5 $5 9. c5 $2 a5
10. b5 bxc5 11. Ba3 c4 12. Bxf8 Bxf8 $44) (8... d6 $5) 9. b5 d6 10. Qc2 Nbd7
11. e4 {Yudovich,M-Yurkov,V Moscow 1965 (1-0, 25)} Re8 $11 {[%csl Rc5][%cal
Ge6e5]}) 8. cxd5 Nxd5 9. Bd2 $1 {A strong move in the spirit of the 4.Bd2 and
5.Bd2 lines, revealing the fact that Black has neglected his standard
counterplay with ...c5.} c5 $6 $146 {This runs straight into trouble, even
though from a practical point of view Black retains reasonable drawing chances.
} ({Black is not in time to prepare ...c7-c5 with} 9... Nd7 10. Nxd5 $1 (10.
Qb3 e6 11. Rfd1 c5 12. dxc5 Nxc5 13. Qa3 Qe7 $11 {Bondarevsky,I-Taimanov,M
Leningrad 1963 (0-1, 41). As we see again and again, people were not afraid to
play ...e7-e6 in the old days.}) 10... Bxd5 11. Qc2 $1 (11. Bc3 {is too slow:}
Nf6 12. Nd2 Bb7 13. Bf3 Bxf3 14. Nxf3 Ne4 $11 {Anton Guijarro,D (2626)-Lillo
Castany,V (2312) LLucmajor 2014 (1-0, 48)}) 11... c5 12. e4 Bb7 13. d5 $14 {
Voloshin,L (2426)-Schnitzspan,L (2341) Germany 2001 (1-0, 44)}) ({But maybe
Black's best is} 9... e6 $5 {[%cal Gb8d7] tested only in a few games between
lower rated players.}) 10. dxc5 $1 {Otherwise Black would have a wonderful
position.} Nxc3 11. Bxc3 Bxc3 12. bxc3 Nd7 {A thematic pawn sacrifice, aiming
to complete the development and get some stability on dark squares.} (12...
bxc5 {offers White the initiative:} 13. Qa4 ({Actually even the endgame after} 
13. Qxd8 Rxd8 14. Rfb1 Bd5 15. Rb5 {Karpov,A (2705)-Kasparov,G (2715) World
Championship 31th-KK1 1984 (27) 1-0 is unpleasant. Compare for instance with})
13... Qc7 14. Rfd1 {and Black does not have a clear plan for developing yet,
while his kingside is also in danger in view of Qh4.}) 13. cxb6 axb6 $14 {
Polugaevsky,L (2620)-Kortschnoj,V (2645) Candidates sf1 1977 (10) 1/2 With the
dark-squared bishops on the board and the white knight on a worse square Black
would have entirely adequate compensation for the pawn. The classical game
which comes to my mind is} 14. Qd4 Qc7 15. Rfb1 Ra5 (15... Rfc8 {[%csl Gc3]
looks more natural.}) 16. Qb4 e6 ({Now or on the next move Black should have
considered exchanging on f3, thus eliminating the only piece which could fight
against the blockade on c5:} 16... Bxf3 17. Bxf3 e6 {Kasparov,G (2690)
-Kortschnoj,V (2610) Candidates sf1 1983 (1) 0-1 Once again a classical game
comes to mind, with the difference that in that case the pawns were equal.})
17. Qe7 Qd8 (17... Bxf3 18. Bxf3 Rc8 {[%cal Gd7c5]}) 18. Qxd8 Rxd8 19. Rd1 Bc6
20. Nd4 Ba4 21. Rdb1 e5 22. Nb3 {On b3 the knight is safe against the exchange.
Moreover, Black has weakened his kingside a bit more than he would have liked
to.} Ra7 23. Nd2 Rc8 24. c4 Bc6 25. Rb2 Kg7 26. f3 Re8 27. Kf2 $14 {The extra
pawn is by no means easy to convert but Black's position remains unpleasant.}
e4 $6 {Handing over the control over the d4-square which White immediately
takes advantage of.} 28. Nb3 $1 exf3 29. gxf3 Ba4 30. Rd1 Re5 31. Rd5 Rxd5 (
31... Re8 32. Nd4 $16 {[%cal Ge3e4] with a dominating white position.}) 32.
cxd5 Bxb3 {A necessary concession in order to prepare the king's advance.} (
32... Kf6 33. Nd2 Ke5 34. e4 f5 35. Nc4+ $16) 33. axb3 Kf6 34. f4 g5 35. Rc2
gxf4 36. exf4 Ke7 37. Rc6 Nf6 38. Bf3 Rd7 39. Rxb6 Nxd5 40. Bxd5 Rxd5 41. Kg3 {
Despite all, Black has managed to retains saving chances as "all rook endings
are drawn". But from a practical point of view, the position remains +/-} h5 $6
{Not only delaying the thematic rook activation but also unnecessarily
weakening the h-pawn.} (41... Rd2 $1 {[%csl Gh2][%cal Gd2b2] was called for
and only if} 42. h4 $6 {then} h5 $14 {In the absence of the threat Kh4, White
has problems demonstrating a concrete plan.}) 42. Kh4 Rf5 {The weakness of the
h5-pawn forces Black into keeping his rook passive.} ({It was too late for} 
42... Rd2 43. Kxh5 $1 Rxh2+ 44. Kg5 {Black is in danger on both wings. The
b-pawn is ready to run ahead and the f7-pawn is in danger.} Rd2 {[%cal Gd2d5]}
(44... Rb2 45. Rb7+ {wins the f7-pawn soon.}) 45. Rb5 Rd3 46. Kf5 Rc3 47. b4
Rc4 48. Rb7+ Kf8 49. b5 Rb4 50. Kg5 $18 {[%cal Gf4f5]}) 43. Rb4 Rd5 44. Rc4 Kf6
45. b4 Kg6 46. Rc6+ f6 47. Rc2 $1 {White takes advantage of the temporary
passivity of the enemy rook to put his own behind the passed pawn.} Rb5 ({
The double attack} 47... Rd4 {would allow the b-pawn to get too far:} 48. Rb2
Rxf4+ 49. Kh3 Rd4 50. b5 Rd7 51. b6 Rb7 52. Kh4 (52. Kg3 Kf5 $5) 52... f5 53.
Kg3 $1 Kf6 54. Kf4 $18) 48. Rb2 Kf5 $1 {The only chance.} ({Passive defence
would not help:} 48... Kf7 49. Kg3 Ke6 50. Kf3 Kf5 51. Rb1 Ke6 52. Ke4 $18) 49.
Kg3 Ke4 50. Rb1 $5 {Anticipating the threat ...f6-f5.} (50. Rb3 f5 51. Rb1 (51.
h4 {prevents ...h5-h4 but insures the black kingside against Kh4.} Kd4 52. Rb1
Kc3 $11) 51... h4+ $1 52. Kxh4 Kxf4 53. Kh3 Ke3 $11 {[%cal Gf5f4]}) 50... Kd3
$2 {The drawing area in chess in general and in rook endings in particular is
quite wide and only the last move is the decisive mistake.} (50... f5 $2 {
is what White had been preparing for with his last move:} 51. Re1+ Kd4 52. Re5
$18) ({But Black should have kept his king close to the f4-pawn:} 50... Ke3 $1
51. Rb3+ Ke4 52. Rb2 Ke3 53. Rb1 Ke4 {and White has nothing better than
transposing above with} 54. Rb3 f5 55. Rb1 h4+ $1 $11) 51. Kf3 Kc2 {The king
has managed to start some counterplay but will remain out of the play during
the decisive phase.} 52. Ra1 Rxb4 53. Ra5 Rb3+ 54. Ke4 h4 (54... Rh3 55. Ra2+
Kb3 56. Rf2 $18) 55. Kf5 Kd3 56. Kxf6 Ke4 57. f5 {The king is cut off
horizontally - a decisive element in rook endings.} h3 58. Ra4+ Kf3 59. Kg5 Rb5
60. Ra2 Rb4 61. f6 Rg4+ 62. Kf5 Rf4+ 63. Ke6 Re4+ 64. Kd6 Rd4+ 65. Ke7 Re4+ 66.
Kf8 Rb4 67. f7 Rf4 68. Rb2 Ra4 69. Rb6 1-0

[Event "Metz op 31th"]
[Site "Metz"]
[Date "2013.04.21"]
[Round "2"]
[White "Sanikidze, Tornike"]
[Black "Vishnu, Prasanna V"]
[Result "1/2-1/2"]
[WhiteElo "2559"]
[BlackElo "2470"]
[Annotator "Metz Alekhine/Primel,D"]
[PlyCount "60"]
[EventDate "2013.04.20"]
[EventType "swiss"]
[EventRounds "9"]
[EventCountry "FRA"]
[SourceTitle "EXT 2016"]
[Source "ChessBase"]
[SourceDate "2015.10.08"]
[SourceVersion "1"]
[SourceVersionDate "2015.10.08"]
[SourceQuality "1"]
[TimeControl "40/5400:1800+30"]
[WhiteClock "1:30:00"]
[BlackClock "1:30:00"]

1. d4 d5 2. c4 c6 3. Nf3 Nf6 4. e3 g6 5. Bd3 Bg7 6. Nc3 O-O 7. O-O {89} (7. h3)
7... a6 {85} (7... Bg4 {La grande ligne} 8. h3 Bxf3 9. Qxf3 e6 10. Rd1 {
[%cal Gd1d8]}) 8. cxd5 $6 {65 Les Noirs n'ont pas encore joué Nbd7 et cet
échange parait prématuré. Cet échange internvient après une longue
réflexion des Blancs quivoulaient peut-être éviter une préparation adverse
en choisissant une ligne secondaire} (8. Qc2 $142 {Plus souple} Bg4 9. Ne5 Be6
10. c5 Nbd7 11. Nxd7 (11. f4 $14 {[%cal Gf4f5]})) (8. h3 $142 b5) (8. Qb3 dxc4
9. Bxc4 b5 10. Be2 Bf5 11. Ng5 h6 12. e4 hxg5 13. exf5 gxf5 14. Bxg5 Qxd4 15.
Rad1 Qc5 16. Rc1 Qa7 17. Qb4 e6 18. Qh4 Nbd7 19. Bh6 Ne5 20. Bxg7 Kxg7 21. Qg5+
Ng6 22. h4 Nh7 23. Qg3 f4 24. Qf3 Nxh4 25. Qxf4 Ng6 26. Qd6 Nf6 27. Qxc6 Rh8
28. Qf3 Rh6 29. Ne4 Nxe4 30. Qxe4 Rah8 31. g3 f5 32. Qc6 Ne5 33. Qg2 Kf6 {
0-1 (33) Ramirez,A (2583)-Kamsky,G (2712) Las Vegas 2014}) 8... cxd5 9. Bd2 Bg4
10. Qb3 {60} Nc6 $1 $11 {54} 11. Qxb7 Qd6 {[%csl Rb7][%cal Gf8b8]} 12. Qb3 Bxf3
13. gxf3 {50} e5 {50} 14. dxe5 Nxe5 15. Be2 {49} Rab8 {42} 16. Qc2 Qe6 {
[%cal Ge6h3]} 17. Kg2 h5 18. Rad1 {[%cal Gd2c1]} g5 $5 {Comme les Blancs
jouent assez passivement, les Noirs prennent l'initiative à l'aile-roi.} 19.
Kg1 g4 20. fxg4 hxg4 21. Bc1 {Les Blancs se contentent de développer leurs
pièces en espérant une faute adverse} Rfc8 22. Qa4 Nc4 23. Rd4 $6 (23. Nxd5
$142 Nxd5 24. Bxc4 Qe4 25. Bb3 $16 {[%csl Gb3,Gc1]}) 23... Nxb2 24. Bxb2 Rxb2
25. Bxg4 $2 {11} Nxg4 {12} 26. Rxg4 Rc4 27. Rxc4 dxc4 28. Qa5 {1} Rd2 $4 $138 {
4} (28... Qg4+ 29. Kh1 Qf3+ 30. Kg1 Bxc3 31. Qxc3 Rb6 {[%cal Gb6g6]}) 29. Qg5
Kf8 30. Qc5+ Kg8 1/2-1/2

[Event "EU-ch 11th"]
[Site "Rijeka"]
[Date "2010.03.16"]
[Round "10"]
[White "Giri, Anish"]
[Black "Almasi, Zoltan"]
[Result "0-1"]
[WhiteElo "2624"]
[BlackElo "2720"]
[Annotator "Mikhalchishin,A"]
[PlyCount "122"]
[EventDate "2010.03.06"]
[EventType "swiss"]
[EventRounds "11"]
[EventCountry "CRO"]
[SourceTitle "CBM 136"]
[Source "ChessBase"]
[SourceDate "2010.05.18"]
[SourceVersion "1"]
[SourceVersionDate "2010.05.18"]
[SourceQuality "1"]

1. d4 d5 2. Nf3 Nf6 3. c4 c6 4. e3 g6 5. Nc3 Bg7 6. Be2 O-O 7. O-O dxc4 8. Bxc4
Nbd7 9. e4 {This is a relatively unknown line in the Grünfeld with few top
games.} Nb6 {This seems to be the most principled continuation, trying to grab
the initiative from the start. I think that after this game not many people
will try to repeat this line with the white pieces.} 10. Bb3 {This move might
be the first step in the wrong direction, the next five moves seem completely
logical and still White experiences difficulties.} (10. Be2 {may not bring any
opening advantage but at least White's position remains solid and he can hope
to outplay his opponent later in the game.} Bg4 11. a4 a5 12. Bg5 Ne8 13. Qb3
Bxf3 14. Bxf3 Bxd4 15. Rad1 Ng7 16. Ne2 c5 17. e5 Qc7 18. Nxd4 cxd4 19. Qb5 Ne6
20. Rc1 Qd7 21. Qxd7 Nxd7 22. Bxe7 Rfe8 23. Bd6 Nf4 24. e6 Nxe6 {Gelfand,B 
(2733)-Nisipeanu,L (2690)/Fuegen 2006/CBM 115/1/2-1/2 (39)}) 10... Bg4 11. Be3
e5 {An interesting novelty by Almasi, leaving White no options, but to accept
the temporary sacrifice.} 12. dxe5 Nfd7 13. e6 {Giri probably thought that
four moves later after 17.f4 his weakened pawn structure will not prove to be
a weakness. However, Almasi saw (analysed) a bit further.} fxe6 14. Qd6 (14. h3
Bxf3 15. Bxe6+ Kh8 16. gxf3 Qe7 17. Bxd7 Nxd7 18. f4 Nc5 19. e5 Rad8 20. Qg4
Nd3 21. Rfd1 Nxb2 22. Rxd8 Rxd8 23. Ne4 Nc4 24. Bc5 Qe8 25. Bxa7) 14... Bxf3
15. gxf3 Ne5 16. Qxe6+ $2 {There was still time to exchange the queens and
hope to defend a slightly worse position.} ({Correct was} 16. Bxe6+ Kh8 17.
Qxd8 Nxf3+ 18. Kh1 Raxd8 19. Rad1 {where White can hope that his pair of
bishops will compensate Black's initiative.}) 16... Kh8 17. f4 {This was the
move that White was relying on, and at first sight it looks like it solves all
his problems and removes the strong knight from the centre. However, the next
strong move from Black changes the assessment of the position.} Qh4 $1 $17 {
Very beautiful response, taking advantage of the rather awkward placement of
White's queen on e6.} 18. Kg2 (18. fxe5 Rae8 19. Qd6 Bxe5 $19) 18... Nd3 19.
Ne2 $2 ({A bit more stubborn was} 19. f3 $5 Qxf4 20. Bxf4 Nxf4+ 21. Kg3 Nxe6
22. Bxe6 Be5+ 23. Kg2 $17 {not giving away the pawn, although this position
would be very hard to defend because of the shattered pawn structure and
Black's excellent bishop on e5.}) 19... Rae8 20. Qh3 Qxh3+ 21. Kxh3 Rxe4 22.
Kg2 Nxb2 $19 {Black is practically 2 pawns up on the queenside, which makes
the rest just a matter of technique.} 23. Ng3 Ree8 24. Bc5 Nd3 25. Bxf8 Bxa1
26. Bd6 Nc8 $2 {The only explanation behind this passive move could be time
trouble.} (26... Bf6 27. Rd1 Nb2 {was perfectly satisfying with the intention
of N6c4 and b5-a5.}) 27. Bb8 $6 {Returning the favour, giving Black the
c5-square for his knight to retreat. Instead Rd1, activating the rook, was
called for.} (27. Rd1 $1 Nxd6 28. Rxd3 {making White's life much easier.})
27... Bf6 28. f5 Kg7 29. fxg6 hxg6 30. f4 Nc5 31. f5 (31. Bc2 {was not
possible due to} Na6 $1 {leaving White with no good squares for his bishop to
retreat.}) 31... Nxb3 32. axb3 a6 33. fxg6 Kxg6 34. Kf3 Ne7 35. Ba7 Nf5 36. Bf2
Re5 37. Ne4 Rb5 38. Rb1 Nd4+ 39. Bxd4 Bxd4 {Black has managed to achieve a
completely winning position and White could as well have resigned. But hope
never dies...} 40. Ke2 Be5 41. h3 Kf5 42. Nd2 Bf4 43. Nf3 Ke4 44. Ra1 Rb4 45.
Ra3 c5 46. Ne1 Bc1 47. Ra5 Be3 48. Ra3 Bd4 49. Nd3 Rb6 50. Ra4 Kd5 51. Ra3 Re6+
52. Kd2 Be3+ 53. Kc2 Rh6 54. b4 c4 55. Nc1 Bxc1 56. Kxc1 Rb6 57. Ra4 Kd4 58.
Kc2 Rg6 59. Ra3 Rg2+ 60. Kc1 c3 61. Ra5 Kc4 0-1